Normal view
MARC view
Entry Meeting Name
001 - CONTROL NUMBER
- control field: 35777
003 - CONTROL NUMBER IDENTIFIER
- control field: OSt
005 - DATE AND TIME OF LATEST TRANSACTION
- control field: 20211105135806.0
008 - FIXED-LENGTH DATA ELEMENTS
- fixed length control field: 211105|| aca||aabn | a|a d
040 ## - CATALOGING SOURCE
- Original cataloging agency: OSt
- Transcribing agency: OSt
111 ## - HEADING--MEETING NAME
- Meeting name or jurisdiction name as entry element: Workshop on Cool Stars,Stellar Systems and the Sun
- Location of meeting: Cambridge
- Date of meeting or treaty signing: 1980 Jan. 31
670 ## - SOURCE DATA FOUND
- Source citation: Work cat.: (OSt): Dupree, A. K 15839, Cool stars,stellar systems and the sun, 1980